01306cam a22003131 4500001001300000003000400013005001700017008004100034010001700075025001800092040001800110041001300128050002500141100004600166245006900212260004900281300003700330500004300367500009500410500009500505500012500600504003100725600004600756630003800802700006400840740002500904740004600929999001700975he 68001903 DLC20260227111500.0710901s1963 is b 000 0 eng  ahe 68001903  aPL480:Is-5167 aDLCcDLCdDLC0 aengaheb00aPJ5050.I18bZ65 19631 aFriedländer, M.q(Michael),d1833-1910.00aEssays on the writings of Abraham ibn Ezra,cby M. Friedlaender. aYerushalayim,b[Mitsḥuf],c724 [1963 or 4] aviii-x, iv-v, 252, 78 p.c28 cm. aAt head of title: Ibn Ezra literature. aOriginal ed. published as Publications of the Society of Hebrew Literature, second series. aHebrew appendix "Heʻteḳ perush ha-Rabaʻ ʻal ha-Torah" (78 p. at end) has special t.p. aTitle page includes original imprint: London, Published for the Society of Hebrew Literature by Trübner and Co. [1877] aBibliographical footnotes.10aIbn Ezra, Abraham ben Meïr,d1089-1164.00aBible.pPentateuchvCommentaries.1 aIbn Ezra, Abraham ben Meïr,d1089-1164.tPerush ha-Torah.0 aIbn Ezra literature.0 aHeʻteḳ perush ha-Rabaʻ ʻal ha-Torah. c33435d33435